000 00295nam a22001337a 4500
020 _a07-050860-7
082 _a539.77 PRI'N
100 _aPRICE, W.J
_975718
245 _aNUCLEAR RADIATION DETECTION
250 _a2ND
260 _aNEWYORK
_bMCGRAW HILL
_c1964
300 _a430P
942 _cBK
999 _c581111
_d581111